[Event "ROM-ch U12"]
[Site "Calimanesti"]
[Date "2018.04.01"]
[Round "7"]
[White "Cioanca, Iosif"]
[Black "Ghigea, Andrei Serban"]
[Result "1-0"]
[WhiteElo "1001"]
[BlackElo "1001"]
[PlyCount "50"]
[EventDate "2018.03.27"]
[EventType "swiss"]
[EventRounds "9"]
[EventCountry "ROU"]
[SourceTitle "CBM 183 Extra"]
[Source "ChessBase"]
[SourceDate "2018.04.19"]
[SourceVersion "1"]
[SourceVersionDate "2018.04.19"]
[SourceQuality "1"]

1. d4 d5 2. Nf3 Na6 3. g3 c5 4. c4 dxc4 5. Bg2 Nf6 6. 0-0 Bg4 7. Nc3 e6 8. Ne5 Bh5 9. Bxb7 Rb8 10. Bxa6 cxd4 11. Nc6 d3 12. Nxd8 dxe2 13. Nxe2 Rxd8 14. Qa4+ Nd7 15. Nf4 Bg4 16. Bxc4 Be7 17. Bb5 e5 18. Nd5 Bf6 19. Nxf6+ gxf6 20. Qxg4 h5 21. Qa4 h4 22. Rd1 h3 23. Qxa7 Kf8 24. Qc7 Ke7 25. Qxd8+ Kxd8 1-0

[Event "ROM-ch U10"]
[Site "Calimanesti Caciulata"]
[Date "2016.04.22"]
[Round "6"]
[White "Ghigea, Andrei Serban"]
[Black "Gatej, Luca"]
[Result "0-1"]
[WhiteElo "1001"]
[BlackElo "1151"]
[PlyCount "52"]
[EventDate "2016.04.18"]
[EventType "swiss"]
[EventRounds "9"]
[EventCountry "ROU"]
[SourceTitle "CBM 172 Extra"]
[Source "ChessBase"]
[SourceDate "2016.06.21"]
[SourceVersion "1"]
[SourceVersionDate "2016.06.21"]
[SourceQuality "1"]

1. e4 e6 2. Bc4 d5 3. Bb5+ Bd7 4. Bxd7+ Nxd7 5. Nc3 Nb6 6. Qh5 g6 7. Qe2 Bg7 8. Nxd5 exd5 9. exd5+ Ne7 10. Qb5+ Qd7 11. Qxd7+ Nxd7 12. d3 0-0 13. Bf4 Rfe8 14. 0-0-0 Nxd5 15. Bg3 c6 16. Nf3 Nc5 17. Rhe1 Rad8 18. Rd2 Rxe1+ 19. Nxe1 Re8 20. f3 f6 21. Bd6 Rxe1+ 22. Rd1 Rxd1+ 23. Kxd1 Ne6 24. c4 Ne3+ 25. Kd2 Nxg2 26. Kc3 h5 0-1

[Event "ROM-ch U10"]
[Site "Calimanesti Caciulata"]
[Date "2016.04.20"]
[Round "3"]
[White "Ghigea, Andrei Serban"]
[Black "Ungureanu, Victor"]
[Result "0-1"]
[WhiteElo "1001"]
[BlackElo "1010"]
[PlyCount "78"]
[EventDate "2016.04.18"]
[EventType "swiss"]
[EventRounds "9"]
[EventCountry "ROU"]
[SourceTitle "CBM 172 Extra"]
[Source "ChessBase"]
[SourceDate "2016.06.21"]
[SourceVersion "1"]
[SourceVersionDate "2016.06.21"]
[SourceQuality "1"]

1. e4 e6 2. Nf3 Nc6 3. d3 e5 4. g3 Bc5 5. Be3 Bxe3 6. fxe3 d6 7. Nc3 Bg4 8. Bg2 Nf6 9. h3 Bh5 10. g4 Bg6 11. g5 Nh5 12. d4 Ng3 13. Rg1 Nxe4 14. Nh4 Nxc3 15. bxc3 Qxg5 16. Nxg6 Qxe3+ 17. Kf1 fxg6 18. Bxc6+ bxc6 19. Qe1 0-0+ 20. Kg2 Qf3+ 21. Kh2 Qf2+ 22. Kh1 Rf7 23. Rg2 Qf3 24. Qg3 Qe4 25. Re1 Qd5 26. Rf1 Rxf1+ 27. Kh2 exd4 28. Qg5 dxc3 29. Qxd5+ cxd5 30. Rg1 Rxg1 31. Kxg1 d4 32. Kf1 d3 33. cxd3 c2 34. Kf2 c1Q 35. d4 Qf4+ 36. Kg2 Qe3 37. d5 Rf8 38. h4 Rf2+ 39. Kg1 Qe1# 0-1